000 00797cam a22002654a 4500
008
020 _a0723433569 (pbk. )
049 _aMAIN
090 _aRT41
_bFOU
245 0 0 _aFoundations of nursing practice :
_bfundamentals of holistic care /
_c[edited by ]Chris Booker [and] Anne Waugh.
260 _aEdinburgh :
_bMosby/Elsevier,
_c2007.
300 _axvi, 758 p. :
_bill. ;
_c28 cm.
500 _aIncludes index.
504 _aIncludes bibliographical references.
650 1 2 _aNursing.
650 2 2 _aNursing Care.
650 2 2 _aNursing Process.
700 1 _aBooker, Chris.
700 1 _aWaugh, Anne.
907 _a.b1033130x
_b14-06-13
_c29-05-13
003
005 20230120204124.0
040 _cNUST
942 _cBOOKS
_kRT41
_mFOU
999 _c117510
_d117510